000
00257nam a22001217a 4500
008
181008b xxu||||| |||| 00| 0 eng d
041
_a
eng
080
_a
531
100
_a
43
101
_a
fiz
245
_a
Progress Physics
_c
Frisch.o.r
942
_2
udc
_c
BK
999
_c
49018
_d
49018